An introduction to probability and mathematical statistics /
Guardado en:
| Autor Principal: | |
|---|---|
| Formato: | Libro |
| Idioma: | English |
| Publicado: |
New York :
Academic Press,
1962.
|
| Series: | Academic Press textbooks in mathematics
|
| Etiquetas: |
Agregar Etiqueta
Sin Etiquetas, Sea el primero en etiquetar este registro!
|
| LEADER | 00501nam a22001455a 4500 | ||
|---|---|---|---|
| 001 | MAT.inmabb001335 | ||
| 008 | 031122s1962####nyu###########000#0#eng#d | ||
| 005 | 20130226163514.0 | ||
| 245 | 1 | 3 | |a An introduction to probability and mathematical statistics / |c Howard G. Tucker. |
| 260 | |a New York : |b Academic Press, |c 1962. | ||
| 300 | |a xii, 228 p. ; |c 24 cm. | ||
| 440 | 0 | |a Academic Press textbooks in mathematics | |
| 100 | 1 | |a Tucker, Howard G. | |
| 084 | |a 60-01 (62-01) |2 msc2000 | ||
| 859 | |h 60 |i T891 |p A-1582 |b BIB. MATEMATICA | ||
